000 00470nam a22001697a 4500
999 _c8776
_d8776
003 AR-CdUCM
008 190326b ||||| |||| 00| 0 sap d
040 _aMUNICIPALIDAD PROVINCIAL DEL CUSCO
_cBIBLIOTECA MUNICIPAL DEL CUSCO
082 _a012 /
_bC85
100 _aCouture, Eduardo J.
_910138
245 _abiobibliografía /
300 _a21 páginas ;
_c22.5 cm.
650 _aBiografía
_922
650 _aBibliografía
_91484
942 _2ddc
_cLIBROS
945 _azta